000 00872nam a2200253Ia 4500
003 GCL
008 140319s9999 xx 000 0 ara d
040 _aGCL /
_cGCL
082 0 4 _a157.9
_bل ع
100 1 _aلويس كامل مليكة
245 1 0 _aعلم النفس الاكلينيكى : التشخيص والتنبؤ فى الطريقة الاكلينيكية /
_cلويس كامل مليكة
250 _aالخامسة
260 _aالقاهرة :
_bالمؤلف ،
_c1992
300 _a579 ص ؛
_c24 سم
490 _a
650 0 4 _aعلم النفس
650 0 4 _aالتحليل النفسى
650 0 4 _aالاختبارات
650 0 4 _aاختبارات الذكاء
650 0 4 _aعلم النفس الاكلينيكى
650 0 4 _aالاختبارات النفسية
650 0 4 _aعلم النفس الجماعى
942 _2ddc
_cBK
999 _c31358
_d31358